000 006190000a22001210004500
773 0 _tFfides Reformata
100 1 _aDe Campos Júnior, Heber Carlos
245 1 0 _aCalvino e os calvinistas da pos-reforma
300 _aVol.14, no.2 (2009), p. 11-31
520 _aEn libros de historia del pensamiento cristiano, es común la tesis de que los "calvinistas" distorcionan la teologia de Juan Calvino. Entre otros argumentos, esta se apoya en el reordenamiento de doctrinas que generan un determinismo, en aparente subjetivismo puritano como la doctrina de la seguridad del creyente.
650 1 4 _aCALVINISMO
942 _cANA
999 _c63396
_d63396